[Event "ESP-ch U12"]
[Site "Salobrena"]
[Date "2023.07.15"]
[Round "9"]
[White "Xia, Zhe"]
[Black "Odriozola Coscolin, Dani"]
[Result "0-1"]
[WhiteElo "1416"]
[BlackElo "1699"]
[PlyCount "48"]
[EventDate "2023.07.10"]
[EventType "swiss"]
[EventRounds "9"]
[EventCountry "ESP"]
[SourceTitle "EXT 2024"]
[Source "ChessBase"]
[SourceDate "2023.10.10"]
[SourceVersion "1"]
[SourceVersionDate "2023.10.10"]
[SourceQuality "1"]

1. d4 Nf6 2. c4 e6 3. Nc3 Bb4 4. Qc2 0-0 5. a3 Bxc3+ 6. bxc3 c5 7. e4 d6 8. Nf3 Nc6 9. Be3 Ng4 10. h3 Nxe3 11. fxe3 Qe7 12. Bd3 f5 13. exf5 exf5 14. Kd2 Na5 15. Rh2 b5 16. cxb5 c4 17. Ke2 cxd3+ 18. Qxd3 Bb7 19. Nd2 Be4 20. Nxe4 fxe4 21. Qc2 Qh4 22. g4 Qg3 23. Rah1 Qf3+ 24. Kd2 Nc4+ 0-1

[Event "ESP-ch U12"]
[Site "Salobrena"]
[Date "2023.07.12"]
[Round "5"]
[White "Martinez Ayala, Jan"]
[Black "Odriozola Coscolin, Dani"]
[Result "0-1"]
[WhiteElo "1420"]
[BlackElo "1699"]
[PlyCount "60"]
[EventDate "2023.07.10"]
[EventType "swiss"]
[EventRounds "9"]
[EventCountry "ESP"]
[SourceTitle "EXT 2024"]
[Source "ChessBase"]
[SourceDate "2023.10.10"]
[SourceVersion "1"]
[SourceVersionDate "2023.10.10"]
[SourceQuality "1"]

1. e4 c5 2. Nc3 Nc6 3. f4 g6 4. Nf3 Bg7 5. Bb5 Nd4 6. d3 Qa5 7. Bc4 Nxf3+ 8. gxf3 Bxc3+ 9. bxc3 Qxc3+ 10. Bd2 Qf6 11. Ke2 e6 12. Qe1 Qe7 13. Bc3 f6 14. Rg1 d5 15. Bb3 d4 16. Bb2 Bd7 17. Bc4 Rc8 18. c3 b5 19. Bb3 c4 20. Bc2 dxc3 21. Bxc3 e5 22. dxc4 Qc5 23. Bb2 Be6 24. Bd3 bxc4 25. Bc2 c3 26. Ba4+ Kf7 27. Bc1 Bc4+ 28. Kd1 Qd4+ 29. Bd2 cxd2 30. Qxd2 Qxa1+ 0-1